000
00212 a2200097 4500
001
42445
100
_a
Polmar N
245
_a
Atomic submarines
260
_a
London
_b
D Van nostrand Co
_c
090
_c
26362
_d
26362
942
_a
NUST-CAE
_c
M
_c
18183
999
_c
277518
_d
277518